| 000 | 01227nam a22003137a 4500 | ||
|---|---|---|---|
| 001 | BR2016005036 | ||
| 003 | BR-BrBNA | ||
| 005 | 20230928105018.0 | ||
| 007 | ta | ||
| 008 | 230509b bl.||||| |||| 00| 0 por d | ||
| 040 |
_aBR-BrBNA _bpor _cBiblioteca Nacional de Agricultura |
||
| 041 | _a(Por) | ||
| 072 |
_aM11 _b8134 |
||
| 090 | _ 8134 BR2016005036 | ||
| 100 | 1 | _aSilva, P.C. | |
| 110 | 1 |
_aUniversidade Estadual Paulista, Jaboticabal, SP (Brasil). Faculdade de Ciências Agrárias e Veterinárias _0Tese (Doutorado em Zootecnia, Área de Concentração em Produção Animal) _910718 |
|
| 245 | 1 | _aEfeitos da densidade populacional e da renovação de água sobre o desempenho produtivo. Parâmetros hidrológicos e lucratividade, na produção da tilápia nilótica (Oreochromis niloticus), em sistema raceway | |
| 260 | 3 |
_aJaboticabal, SP (Brasil): _c2001. |
|
| 300 | _a51 p. | ||
| 500 | _aIncludes several bibliographies.; Summaries (Eng, Por); 12 tables | ||
| 650 | _aTAXA DE LOTAÇÃO | ||
| 650 | _aPRODUÇÃO PESQUEIRA | ||
| 650 | _aTILÁPIA NILÓTICA | ||
| 650 | _aPEIXE DE ÁGUA DOCE | ||
| 650 | _aOREOCHROMIS NILOTICUS | ||
| 650 | _aLUCRO | ||
| 909 |
_a202309 _bLucia _c55 _dLucia Elande |
||
| 942 | _cBK | ||
| 999 |
_c82933 _d82933 |
||